000 00544nam a2200217Ia 4500
005 20241129120327.0
008 241129s9999||||xx |||||||||||||| ||und||
020 _a9788180318337
037 _aTB
040 _aSDCL
_beng
_cSDCL
041 _ahin
_2hin
084 _aR66 Q4
_qSDCL
100 _aSingh Yogendra Pratap
245 0 _aLeela Aur Bhaktiras
260 _aDelhi
_bLokbharti Prakashan India
_c2014
300 _a167p
365 _aINR
_b350
650 _aHindi
942 _cTB
_hR66 Q4
999 _c1234353
_d1234353